| Tag |
First Indicator |
Second Indicator |
Subfields |
| LEADER |
00000cam a2200000Ii 4500 |
| 001 |
in00002394834 |
| 005 |
20151109062603.0 |
| 008 |
770426s1948 ag 000 0 spa d |
| 029 |
1 |
|
|a AU@
|b 000009703856
|
| 035 |
|
|
|a (OCoLC)ocm02918970
|
| 035 |
|
|
|a (OCoLC)2918970
|
| 040 |
|
|
|a NHM
|c NHM
|d GZM
|d OCLCG
|d TXA
|d UtOrBLW
|
| 049 |
|
|
|a TXAM
|
| 090 |
|
|
|a PQ6437
|b .T8 1948
|
| 130 |
0 |
|
|a Tristán de Leonís.
|
| 245 |
1 |
0 |
|a Libro del esforzado caballero Don Tristán de Leonís y de sus grandes hechos en armas /
|c revisión, prólogo y glosario de Ignacio B. Anzoátegui.
|
| 250 |
|
|
|a 2. ed.
|
| 264 |
|
1 |
|a Buenos Aires :
|b Espasa-Calpe Argentina,
|c 1948.
|
| 300 |
|
|
|a 256 pages ;
|c 18 cm.
|
| 336 |
|
|
|a text
|b txt
|2 rdacontent
|
| 337 |
|
|
|a unmediated
|b n
|2 rdamedia
|
| 338 |
|
|
|a volume
|b nc
|2 rdacarrier
|
| 490 |
0 |
|
|a Colección Austral ;
|v 359
|
| 700 |
1 |
|
|a Anzoátegui, Ignacio B.,
|d 1905-1978,
|e editor.
|
| 740 |
0 |
2 |
|a Don Tristan de Leonís.
|
| 948 |
|
|
|a cataloged
|b h
|c 2008/6/5
|d c
|e vilik
|f 9:37:57 am
|
| 994 |
|
|
|a C0
|b TXA
|
| 999 |
|
|
|a MARS
|
| 999 |
f |
f |
|s b56868a6-001a-30a6-8d89-eced30abf154
|i 7cd29739-9d12-39b3-abb0-8a4f9af6cebf
|t 0
|
| 952 |
f |
f |
|p ric
|a Texas A&M University
|b Rellis Campus
|c Joint Library Facility
|d Remote Storage
|t 0
|e PQ6437 .T8 1948
|h Library of Congress classification
|i unmediated -- volume
|m A14837246969
|
| 998 |
f |
f |
|a PQ6437 .T8 1948
|t 0
|l Remote Storage
|